000 00866nab a2200265 4500
003 BR-BrBNA
005 20240814162157.0
008 240723b bl.||||| |||| 00| 0 por d
040 _aBR-BrBNA
_bpor
072 _aL73 ; E71
_b4150 ; 3888
100 _aPádua, Ruiter L. A.
245 _aLivre de aftosa, sem vacinação, é uma boa medida?
500 _a1 illus.
650 _aFEBRE AFTOSA
650 _aDOENÇA VIRÓTICA
650 _aDOENÇA ANIMAL
650 _aVACINAÇÃO
650 _aSANIDADE ANIMAL
650 _aCARNE
650 _aEXPORTAÇÃO
650 _aTOCANTINS
773 0 _04604
_9317187
_dPalmas - Tocantins Terranova Gráfica e Editora Jornalística Ltda 2005
_o2024-3811
_tCerrado Rural Agronegócios (Brazil)
_x1980-2595
_gv. 3(16) p. 46; (Apr 2006)
_wBR2024001998
942 _cAnalítica
999 _c300637
_d300637